Catálogo

Islamic philosophy an introduction / (Registro nro. 62185)

Detalles MARC
000 -LEADER
fixed length control field 00586nam a2200193 a 4500
001 - CONTROL NUMBER
control field 62185
005 - DATE AND TIME OF LATEST TRANSACTION
control field 20180714064119.0
008 - FIXED-LENGTH DATA ELEMENTS--GENERAL INFORMATION
fixed length control field 150305s2009 enk r 000 0 spa d
020 ## - INTERNATIONAL STANDARD BOOK NUMBER
International Standard Book Number 978-0-7456-4599-5
082 0# - DEWEY DECIMAL CLASSIFICATION NUMBER
Classification number 297.2
Item number LEA
100 1# - MAIN ENTRY--PERSONAL NAME
Personal name Leaman, Oliver
Relator term autor
245 10 - TITLE STATEMENT
Title Islamic philosophy an introduction /
Statement of responsibility, etc. Oliver Leaman.
264 #1 - PRODUCTION, PUBLICATION, DISTRIBUTION, MANUFACTURE, AND COPYRIGHT NOTICE
Place of production, publication, distribution, manufacture Inglaterra :
Name of producer, publisher, distributor, manufacturer polity Press,
Date of production, publication, distribution, manufacture, or copyright notice 2009
300 ## - PHYSICAL DESCRIPTION
Extent xiv, 231 páginas ;
Dimensions 23cm.
336 ## - CONTENT TYPE
Content type term texto
Source rdacontent
337 ## - MEDIA TYPE
Media type term sin mediación
Source rdamedia
338 ## - CARRIER TYPE
Carrier type term volumen
Source rdacarrier
650 #0 - SUBJECT ADDED ENTRY--TOPICAL TERM
Topical term or geographic name entry element Islamismo
General subdivision Filosofía
Existencias
Withdrawn status Lost status Source of classification or shelving scheme Damaged status Not for loan Collection code Home library Current library Shelving location Date acquired Source of acquisition Inventory number Total Checkouts Full call number Barcode Date last seen Price effective from Koha item type
    Dewey Decimal Classification     General Centro de Estudios en Ciencia y Religión Centro de Estudios en Ciencia y Religión Sala general 05/03/2015 Compra 151000000000000000077737   297.2 LEA 2009 86380 05/01/2026 20/11/2015 Libro